Квантовая случайность. Нелокальность, телепортация и другие квантовые чудеса: пер. с фр.

Bibliographic Details
Main Author: Жизан Н. Николя
Summary:Играет ли Бог в кости? И во что играют физики? Николя Жизан, автор прорывного женевского эксперимента по передаче квантовой запутанности фотонных пар по оптоволокну, излагает свои взгляды на фундаментальные вопросы квантовой физики через призму игры Белла — воображаемого эксперимента, в котором рассматривается теоретическая возможность сверхсвето­вой передачи информации с использованием запутанных частиц. Реальные эксперименты с ними доказали нелокальную природу мира — вопреки интуитивному желанию ученых, события в уда­ленных точках Вселенной могут непосредственно зависеть друг от друга.Истинная природа этих явлений и вытекающие из них след­ствия в последнее время стали горячей темой физики. По мнению автора, вторая квантовая революция, начавшаяся в последнем десятилетии XX века, позволит построить новый, непротиворе­чивый и плодотворный взгляд на мир.
Language:Russian
Published: Москва, Альпина нон-фикшн, 2016
Subjects:
Format: Book
KOHA link:https://koha.lib.tpu.ru/cgi-bin/koha/opac-detail.pl?biblionumber=314621

MARC

LEADER 00000nam0a2200000 4500
001 314621
005 20231102002709.0
010 |a 9785916714890 
035 |a (RuTPU)RU\TPU\book\340043 
090 |a 314621 
100 |a 20160217d2016 km y0rusy50 ca 
101 1 |a rus  |c fre 
102 |a RU 
105 |a a z 001zy 
200 1 |a Квантовая случайность. Нелокальность, телепортация и другие квантовые чудеса  |e пер. с фр.  |f Н. Жизан 
210 |a Москва  |c Альпина нон-фикшн  |d 2016 
215 |a 201 с.  |c ил. 
320 |a Библиогр. в тексте. 
330 |a Играет ли Бог в кости? И во что играют физики? Николя Жизан, автор прорывного женевского эксперимента по передаче квантовой запутанности фотонных пар по оптоволокну, излагает свои взгляды на фундаментальные вопросы квантовой физики через призму игры Белла — воображаемого эксперимента, в котором рассматривается теоретическая возможность сверхсвето­вой передачи информации с использованием запутанных частиц. Реальные эксперименты с ними доказали нелокальную природу мира — вопреки интуитивному желанию ученых, события в уда­ленных точках Вселенной могут непосредственно зависеть друг от друга.Истинная природа этих явлений и вытекающие из них след­ствия в последнее время стали горячей темой физики. По мнению автора, вторая квантовая революция, начавшаяся в последнем десятилетии XX века, позволит построить новый, непротиворе­чивый и плодотворный взгляд на мир. 
606 1 |a Квантовая физика  |2 stltpush  |3 (RuTPU)RU\TPU\subj\42126  |9 61861 
610 1 |a квантовая природа 
610 1 |a теорема Белла 
610 1 |a квантовое клонирование 
610 1 |a корреляции 
610 1 |a фотонные пары 
610 1 |a квантовая телепортация 
610 1 |a физические эксперименты 
610 1 |a квантовая случайность 
610 1 |a нелокальность 
610 1 |a квантовые частицы 
610 1 |a история 
675 |a 530.145.6  |v 4 
700 1 |a Жизан  |b Н.  |g Николя 
801 1 |a RU  |b 63413507  |c 20160217 
801 2 |a RU  |b 63413507  |c 20160429  |g RCR 
900 |a Квантовая физика 
942 |c BK 
959 |a 22/20160216  |d 1  |e 366,00  |f ЧЗТЛ:1